00828nam a22002177a 450000500170000001000150001702000260003203500140005803700130007208200100008510000230009524501060011826000590022427000680028330000240035170000250037570000380040094200220043899900190046095201310047920230920123437.0 aENG-138145 a9789392311130c910.00 aEN-121677 bDBAD/PUB a629.2 aSathish, K.957085 aFundamentals of Management: bFor Engineers/ cK. Sathish, S. Srinivas and V. Lakshmi Prasanna Kumari aHyderabadbM/s SunRaise International Publishersc2023 a326/C, Level-2, Near BK Guda Park, S R NagarbHyderabade500038 axvi, 400c25cm(pbk) aSrinivas, S. 956902 aV. Lakshmi Prasanna Kumari956933 2ddccENh658mSAT c198353d198353 001040708NFICaDBADbMd2023-09-19eDBAD/PUBg910.00l0o658 SATpEN-121677r2023-09-19 00:00:00t1v910.00w2023-09-19yEN